000 00244nam a2200097Ia 4500
001 988099
005 20250826221132.0
008 250824s9999 xx 000 0 und d
245 0 _aKENDİNİ ARAMAK
_cİHSAN FAZILOĞLU
260 _bKETEBE YAYINEVİ
999 _c988099
_d988099